[Event "19th Hogeschool Zeeland Tournament"]
[Site "Vlissingen"]
[Date "2015.08.02"]
[Round "2"]
[Board "28"]
[White "Gutkind, Kedem"]
[Black "Bezemer, Arno"]
[Result "0-1"]
[WhiteElo "2065"]
[BlackElo "2305"]
[PlyCount "76"]
[EventDate "2015.08.01"]
[EventRounds "9"]
[EventCountry "NED"]

1. e4 c5 2. Nf3 d6 3. d4 cxd4 4. Nxd4 Nf6 5. Nc3 a6 6. Bg5 Nbd7 7. Bc4 Qb6 8.
Bb3 e6 9. Qd2 Be7 10. f3 Nc5 11. O-O-O Qc7 12. Kb1 Bd7 13. g4 b5 14. Bxf6 Bxf6
15. Rc1 O-O 16. g5 Be7 17. h4 b4 18. Nce2 a5 19. c3 Nxb3 20. Nxb3 Qb7 21. Ng3
bxc3 22. Qxc3 a4 23. Nd4 Rfc8 24. Qd2 Qb6 25. f4 Rxc1+ 26. Rxc1 Rc8 27. Rxc8+
Bxc8 28. Qc3 Bb7 29. f5 e5 30. f6 Bd8 31. Ndf5 gxf6 32. Qf3 Kf8 33. gxf6 Bxf6
34. Nh6 Qd4 35. a3 Ba6 36. Kc1 Qc4+ 37. Kd2 Bxh4 38. Qg4 Qd3+ 0-1

[Event "19th Hogeschool Zeeland Tournament"]
[Site "Vlissingen"]
[Date "2015.08.02"]
[Round "2"]
[Board "29"]
[White "Brink, Barry"]
[Black "Van Der Eyk, Dick"]
[Result "1-0"]
[WhiteElo "2302"]
[BlackElo "2014"]
[PlyCount "37"]
[EventDate "2015.08.01"]
[EventRounds "9"]
[EventCountry "NED"]

1. d4 d5 2. c4 dxc4 3. e4 c5 4. d5 Nf6 5. Nc3 b5 6. Bf4 Ba6 7. e5 b4 8. exf6
bxc3 9. bxc3 gxf6 10. Nf3 Nd7 11. Qa4 Qb6 12. Bxc4 Bxc4 13. Qxc4 e5 14. Bg3 Rb8
15. O-O Bd6 16. Nh4 Qb5 17. Nf5 Bf8 18. Qe4 Nb6 19. Bxe5 1-0

[Event "19th Hogeschool Zeeland Tournament"]
[Site "Vlissingen"]
[Date "2015.08.02"]
[Round "2"]
[Board "30"]
[White "Reichardt, Gert"]
[Black "Dardha, Arben"]
[Result "0-1"]
[WhiteElo "2035"]
[BlackElo "2297"]
[PlyCount "162"]
[EventDate "2015.08.01"]
[EventRounds "9"]
[EventCountry "NED"]

1. d4 Nf6 2. Nf3 e6 3. Bf4 c5 4. e3 Nc6 5. Nc3 Qa5 6. Nd2 cxd4 7. Nb3 Qb6 8.
exd4 Nb4 9. Be2 Be7 10. Bf3 d5 11. O-O O-O 12. a4 Bd7 13. Qd2 Rac8 14. Rfc1 Ne8
15. Be2 Nd6 16. Nc5 Qd8 17. Bxd6 Bxd6 18. Nxd7 Qxd7 19. Nb5 Nc6 20. Nxd6 Qxd6
21. Ra3 Rc7 22. Rg3 Rfc8 23. Bb5 Ne7 24. Bd3 Ng6 25. c3 Qd7 26. Bb5 Qd6 27. Bd3
Qd7 28. Bb5 Qe7 29. Bd3 a6 30. Qg5 Qxg5 31. Rxg5 Nf4 32. Bf1 f6 33. Rg3 Kf7 34.
Re3 Rc6 35. g3 Ng6 36. Bd3 Rb6 37. Bxg6+ Kxg6 38. b4 Rxb4 39. Rxe6 Rxa4 40. Rb6
Rxd4 41. Rxb7 Rdc4 42. Ra1 R8c6 43. Ra7 Rxc3 44. R7xa6 h5 45. Rxc6 Rxc6 46. Kg2
Kf5 47. Kf3 Rc3+ 48. Ke2 Ke4 49. Ra2 d4 50. Kd2 Rf3 51. Ke2 Rb3 52. h4 Rc3 53.
Kd2 Rb3 54. Ke2 g6 55. Ra6 Rb2+ 56. Ke1 Rb1+ 57. Kd2 Rb2+ 58. Ke1 Kd3 59. Ra3+
Kc2 60. Ke2 Rb6 61. Ra2+ Kc3 62. Ra3+ Kc4 63. Ra4+ Kc5 64. Ra2 Kd5 65. Ra5+ Kc4
66. Ra4+ Kc5 67. Ra5+ Rb5 68. Ra6 Rb2+ 69. Ke1 Rb6 70. Ra2 g5 71. Kd2 gxh4 72.
gxh4 f5 73. Ra5+ Rb5 74. Ra8 Rb2+ 75. Ke1 Kc4 76. Ra4+ Kd5 77. Ra5+ Ke4 78. f3+
Ke3 79. Re5+ Kf4 80. Rd5 Rh2 81. Rxd4+ Ke3 0-1

[Event "19th Hogeschool Zeeland Tournament"]
[Site "Vlissingen"]
[Date "2015.08.02"]
[Round "2"]
[Board "31"]
[White "Van Foreest, Lucas"]
[Black "De Vleeschauwer, Maarten"]
[Result "1-0"]
[WhiteElo "2293"]
[BlackElo "2002"]
[PlyCount "41"]
[EventDate "2015.08.01"]
[EventRounds "9"]
[EventCountry "NED"]

1. b3 Nc6 2. Bb2 e5 3. e3 d6 4. c4 f5 5. d4 Be7 6. Nf3 e4 7. Nfd2 Nf6 8. Be2
O-O 9. O-O Qe8 10. Nc3 Bd8 11. Qc2 g5 12. Rae1 Qg6 13. f3 f4 14. Ndxe4 fxe3 15.
Qd3 Nb4 16. Qd1 Re8 17. a3 Nc6 18. Bc1 Bf5 19. Bxe3 Nxe4 20. fxe4 Bxe4 21. Bh5
 1-0

[Event "19th Hogeschool Zeeland Tournament"]
[Site "Vlissingen"]
[Date "2015.08.02"]
[Round "2"]
[Board "32"]
[White "Tissink, Arjan"]
[Black "Maris, Ivo"]
[Result "1/2-1/2"]
[WhiteElo "2010"]
[BlackElo "2288"]
[PlyCount "76"]
[EventDate "2015.08.01"]
[EventRounds "9"]
[EventCountry "NED"]

1. d4 Nf6 2. Bg5 e6 3. Nd2 h6 4. Bh4 c5 5. e3 d5 6. Ngf3 Be7 7. c3 Nc6 8. Bd3
O-O 9. O-O Re8 10. Ne5 Nxe5 11. dxe5 Nd7 12. Bxe7 Rxe7 13. f4 c4 14. Bc2 Qb6
15. Rf3 Qxb2 16. e4 Qb6+ 17. Kh1 Nf8 18. Rb1 Qc5 19. Rg3 d4 20. cxd4 Qxd4 21.
Qg4 Ng6 22. Nf3 Qc3 23. Ne1 Qd2 24. Rf3 Qd8 25. Rg3 Rc7 26. Nf3 Qf8 27. f5 exf5
28. exf5 Ne7 29. Qh5 f6 30. e6 Rc5 31. Re1 g5 32. Rd1 Rd5 33. Rxd5 Nxd5 34.
Qg6+ Qg7 35. Qe8+ Qf8 36. Qg6+ Qg7 37. Qe8+ Qf8 38. Qg6+ Qg7 1/2-1/2

[Event "19th Hogeschool Zeeland Tournament"]
[Site "Vlissingen"]
[Date "2015.08.02"]
[Round "2"]
[Board "33"]
[White "Neubronner, Jarred"]
[Black "Altenbernd, Dirk"]
[Result "1-0"]
[WhiteElo "2280"]
[BlackElo "1997"]
[PlyCount "45"]
[EventDate "2015.08.01"]
[EventRounds "9"]
[EventCountry "NED"]

1. e4 c6 2. d4 g6 3. Nc3 Bg7 4. Bc4 d6 5. Nf3 e6 6. Bg5 Ne7 7. Bb3 h6 8. Bf4
Qc7 9. Qd2 Nd7 10. Bg3 a6 11. Qf4 c5 12. dxc5 Qxc5 13. Qxd6 Bxc3+ 14. bxc3
Qxc3+ 15. Ke2 Qc6 16. Qd4 f6 17. Rhd1 Kf8 18. Bd6 Kf7 19. Qe3 Re8 20. Nd4 Qxd6
21. Nxe6 Qxh2 22. Rh1 Qe5 23. Nd8+ 1-0

[Event "19th Hogeschool Zeeland Tournament"]
[Site "Vlissingen"]
[Date "2015.08.02"]
[Round "2"]
[Board "34"]
[White "Polster, Christian"]
[Black "Stillger, Bernhard"]
[Result "0-1"]
[WhiteElo "1989"]
[BlackElo "2279"]
[PlyCount "74"]
[EventDate "2015.08.01"]
[EventRounds "9"]
[EventCountry "NED"]

1. e4 g6 2. d4 Bg7 3. Nc3 c6 4. Be3 d5 5. f3 Qb6 6. Qd2 Qxb2 7. Rb1 Qa3 8. exd5
Nf6 9. dxc6 bxc6 10. Bc4 O-O 11. Nge2 Nbd7 12. O-O Nb6 13. Bd3 Be6 14. Nf4 Nc4
15. Bxc4 Bxc4 16. Rfe1 Rfd8 17. Nd3 Ne8 18. Ne2 Nd6 19. Qb4 Qxb4 20. Rxb4 Bxa2
21. Bg5 Bf6 22. Bxf6 exf6 23. Ra1 Bc4 24. Kf2 Bb5 25. Nb2 a5 26. Rb3 a4 27.
Rba3 Bxe2 28. Kxe2 Nb5 29. Rd3 a3 30. Nc4 Ra4 31. Ne3 Raxd4 32. Rxd4 Rxd4 33.
c4 Nc3+ 34. Ke1 a2 35. Nc2 Rxc4 36. Kd2 Nb1+ 37. Kd1 f5 0-1

[Event "19th Hogeschool Zeeland Tournament"]
[Site "Vlissingen"]
[Date "2015.08.02"]
[Round "2"]
[Board "35"]
[White "Donovan, Linton"]
[Black "Riksen, John"]
[Result "1-0"]
[WhiteElo "2276"]
[BlackElo "1983"]
[PlyCount "101"]
[EventDate "2015.08.01"]
[EventRounds "9"]
[EventCountry "NED"]

1. e4 c5 2. Nf3 d6 3. d4 cxd4 4. Nxd4 Nf6 5. Nc3 a6 6. Be3 e5 7. Nb3 Be6 8. f3
Be7 9. Qd2 O-O 10. O-O-O Qc7 11. g4 Nbd7 12. g5 Nh5 13. Nd5 Bxd5 14. exd5 a5
15. Kb1 a4 16. Nc1 a3 17. b3 g6 18. Ne2 Nc5 19. Nc3 f5 20. Nb5 Qc8 21. Qb4 Na6
22. Qa5 Qd7 23. Nxa3 f4 24. Bc1 Bxg5 25. Bb5 Qd8 26. Nc4 Qxa5 27. Nxa5 Nc5 28.
Nc4 Rad8 29. a4 e4 30. b4 Na6 31. fxe4 Be7 32. c3 Nf6 33. e5 Ne4 34. Bxa6 bxa6
35. Kc2 Nf2 36. exd6 Bxd6 37. Nxd6 Nxh1 38. Rxh1 Rxd6 39. c4 f3 40. Be3 Re8 41.
Kd3 Rd7 42. Rf1 Rb7 43. b5 axb5 44. axb5 Rf8 45. b6 Rf5 46. d6 Kf7 47. c5 Rd7
48. Ke4 Ke6 49. c6 Rxd6 50. b7 Rb5 51. c7 1-0

[Event "19th Hogeschool Zeeland Tournament"]
[Site "Vlissingen"]
[Date "2015.08.02"]
[Round "2"]
[Board "36"]
[White "Ritsema, Ronald"]
[Black "Wunnink, Michael"]
[Result "0-1"]
[WhiteElo "1989"]
[BlackElo "2253"]
[PlyCount "60"]
[EventDate "2015.08.01"]
[EventRounds "9"]
[EventCountry "NED"]

1. d4 Nf6 2. c4 e6 3. g3 d5 4. Nf3 Bb4+ 5. Bd2 Bd6 6. Bg2 c6 7. Qc2 Nbd7 8. O-O
O-O 9. b3 Ne4 10. Nc3 f5 11. Bf4 Bxf4 12. gxf4 Ndf6 13. Rab1 a5 14. a3 Qd6 15.
Ne5 Nxc3 16. Qxc3 Qxa3 17. Ra1 Qd6 18. cxd5 Nxd5 19. Bxd5 Qxd5 20. Ra3 Bd7 21.
Qc5 Be8 22. Rfa1 Qe4 23. e3 g5 24. b4 Bh5 25. fxg5 f4 26. f3 Bxf3 27. exf4 axb4
28. Qxb4 c5 29. Qb3 Qxd4+ 30. Kf1 Bd5 0-1

[Event "19th Hogeschool Zeeland Tournament"]
[Site "Vlissingen"]
[Date "2015.08.02"]
[Round "2"]
[Board "37"]
[White "Provoost, Simon"]
[Black "Parnali, S Dharia"]
[Result "1/2-1/2"]
[WhiteElo "2240"]
[BlackElo "1978"]
[PlyCount "126"]
[EventDate "2015.08.01"]
[EventRounds "9"]
[EventCountry "NED"]

1. c4 e6 2. g3 d5 3. Bg2 Nf6 4. Nf3 c5 5. O-O Nc6 6. b3 d4 7. d3 Bd6 8. e3 e5
9. exd4 exd4 10. Re1+ Be7 11. h3 O-O 12. Na3 Bf5 13. Nc2 Re8 14. a3 a5 15. Rb1
Qd7 16. g4 Bg6 17. Nh4 Qc7 18. Nxg6 hxg6 19. f4 Bd6 20. Qf3 Rxe1+ 21. Nxe1 Nd7
22. Bd2 Re8 23. Nc2 Nf8 24. b4 axb4 25. axb4 Nxb4 26. Nxb4 cxb4 27. Bxb4 Bxb4
28. Rxb4 b6 29. Rb2 Re1+ 30. Bf1 Re3 31. Qf2 Ne6 32. Ra2 Qxf4 33. Ra8+ Kh7 34.
Qh4+ Qh6 35. Qe7 Rg3+ 36. Kh2 Rxg4 37. Qxf7 Qd2+ 38. Kh1 Rf4 39. Qg8+ Kh6 40.
Bg2 Qe1+ 41. Kh2 Qe5 42. Qb8 Qe3 43. Qxb6 Kh7 44. Re8 Rf6 45. Qb8 Kh6 46. Qg3
g5 47. h4 Qxg3+ 48. Kxg3 gxh4+ 49. Kxh4 g5+ 50. Kg3 Nc5 51. Be4 Re6 52. Rxe6+
Nxe6 53. Bf5 Nc5 54. Kg4 Nb7 55. Be4 Nc5 56. Bf5 Nb7 57. Be4 Nd6 58. Bd5 Kg6
59. c5 Ne8 60. Be4+ Kf6 61. c6 Nc7 62. Kh5 Ne6 63. Kg4 Nc7 1/2-1/2

[Event "19th Hogeschool Zeeland Tournament"]
[Site "Vlissingen"]
[Date "2015.08.02"]
[Round "2"]
[Board "38"]
[White "Van Rij, Gert"]
[Black "Warmerdam, Max"]
[Result "0-1"]
[WhiteElo "1989"]
[BlackElo "2236"]
[PlyCount "116"]
[EventDate "2015.08.01"]
[EventRounds "9"]
[EventCountry "NED"]

1. d4 Nf6 2. c4 g6 3. Nc3 Bg7 4. e4 d6 5. Nf3 O-O 6. Be2 e5 7. dxe5 dxe5 8.
Qxd8 Rxd8 9. Bg5 Re8 10. Nd5 Nxd5 11. cxd5 c6 12. Bc4 cxd5 13. Bxd5 Na6 14. Ke2
Nc7 15. Bc4 Bd7 16. Rhd1 Bc6 17. Nd2 Bf8 18. f3 Bc5 19. Nb3 Bb6 20. Be3 Ne6 21.
Bxe6 Rxe6 22. Bxb6 axb6 23. Nd2 Bb5+ 24. Ke1 Rc6 25. b3 Rac8 26. a4 Ba6 27. Ra2
Rc3 28. Kf2 Bd3 29. b4 Kg7 30. Nf1 Bc4 31. Rb2 Bb3 32. Rdd2 Bxa4 33. Ne3 Rc1
34. Rd6 R8c6 35. Rd7 Rc7 36. Rd8 Bb5 37. Rd6 Bc6 38. Rd8 b5 39. g4 h6 40. Rd6
Rd7 41. Rxd7 Bxd7 42. Nd5 Be6 43. Ne3 Kf6 44. h4 h5 45. g5+ Kg7 46. Kg3 f5 47.
gxf6+ Kxf6 48. f4 Rc3 49. Kf3 Ra3 50. f5 gxf5 51. exf5 Bxf5 52. Kf2 Be6 53. Rd2
e4 54. Rd8 Ke5 55. Rh8 Rb3 56. Rxh5+ Kd4 57. Nc2+ Kd3 58. Ne1+ Kd2 0-1

[Event "19th Hogeschool Zeeland Tournament"]
[Site "Vlissingen"]
[Date "2015.08.02"]
[Round "2"]
[Board "39"]
[White "Hovenga, Alje"]
[Black "Volkers, Annemarie"]
[Result "1-0"]
[WhiteElo "2232"]
[BlackElo "1976"]
[PlyCount "73"]
[EventDate "2015.08.01"]
[EventRounds "9"]
[EventCountry "NED"]

1. d4 d5 2. c4 Nc6 3. cxd5 Qxd5 4. e3 e5 5. Nc3 Bb4 6. Bd2 Bxc3 7. Bxc3 exd4 8.
Ne2 Nf6 9. Nxd4 O-O 10. Nxc6 Qxc6 11. Rc1 Bg4 12. f3 Bh5 13. Bd4 Qd6 14. Bc5
Qxd1+ 15. Rxd1 Rfe8 16. Bc4 b6 17. Bd4 Rad8 18. Bxf6 gxf6 19. Rxd8 Rxd8 20. g4
Bg6 21. e4 Rd4 22. Bb3 Bxe4 23. fxe4 Rxe4+ 24. Kf2 Rxg4 25. Rg1 Rg5 26. Rxg5+
fxg5 27. Kg3 Kg7 28. Kg4 Kf6 29. Bc2 h6 30. Kh5 Kg7 31. Be4 c5 32. Bd3 f6 33.
Kg4 Kf7 34. Kf5 h5 35. Be2 h4 36. Bc4+ Ke7 37. h3 1-0

[Event "19th Hogeschool Zeeland Tournament"]
[Site "Vlissingen"]
[Date "2015.08.02"]
[Round "2"]
[Board "40"]
[White "De Boer, Eelke"]
[Black "Foisor, Sabina-Francesca"]
[Result "1-0"]
[WhiteElo "1976"]
[BlackElo "2230"]
[PlyCount "129"]
[EventDate "2015.08.01"]
[EventRounds "9"]
[EventCountry "NED"]

1. e4 e5 2. Nf3 Nc6 3. Bc4 Bc5 4. O-O Nf6 5. d4 Bxd4 6. Nxd4 Nxd4 7. f4 d6 8.
fxe5 dxe5 9. Bg5 Qe7 10. Na3 Bd7 11. Qe1 O-O-O 12. Qf2 Kb8 13. c3 Ne6 14. Bxf6
gxf6 15. Qxf6 Qc5+ 16. Kh1 Rhg8 17. Rad1 Bc8 18. b4 Qe3 19. Rxd8 Nxd8 20. Qf3
Qxf3 21. Rxf3 Rg4 22. Bd3 Be6 23. h3 Rh4 24. Nc4 Bxc4 25. Bxc4 Rxe4 26. Bxf7
Re1+ 27. Kh2 e4 28. Rg3 c6 29. Rg8 Kc7 30. Bb3 e3 31. Re8 Kd7 32. Re4 b5 33.
Kg3 e2 34. Kf2 Rc1 35. Kxe2 Rxc3 36. Rh4 a6 37. Rxh7+ Kd6 38. Rg7 c5 39. Rg6+
Ke7 40. bxc5 a5 41. Rg7+ Ke8 42. Rg5 a4 43. Kd2 b4 44. Bxa4+ Ke7 45. Rg4 Ne6
46. Rxb4 Rxc5 47. Bb3 Ng7 48. g4 Ne8 49. Re4+ Kf8 50. Kd3 Nf6 51. Re6 Kg7 52.
Kd4 Rc7 53. Ke5 Rc5+ 54. Kd6 Rc3 55. g5 Rd3+ 56. Kc6 Rc3+ 57. Kb5 Nh5 58. Re7+
Kg6 59. h4 Nf4 60. Re4 Kf5 61. Rc4 Rh3 62. Bc2+ Kg4 63. g6 Rxh4 64. Bd1+ Kf5
65. g7 1-0

[Event "19th Hogeschool Zeeland Tournament"]
[Site "Vlissingen"]
[Date "2015.08.02"]
[Round "2"]
[Board "41"]
[White "Sparreboom, Wil"]
[Black "Linster, Philippe"]
[Result "0-1"]
[WhiteElo "1958"]
[BlackElo "2219"]
[PlyCount "42"]
[EventDate "2015.08.01"]
[EventRounds "9"]
[EventCountry "NED"]

1. d4 Nf6 2. c4 e6 3. Nf3 b6 4. g3 Bb4+ 5. Bd2 Be7 6. Bg2 c6 7. O-O O-O 8. Qc2
d5 9. Ne5 Nfd7 10. f4 Ba6 11. cxd5 cxd5 12. Nd3 Bf6 13. Bc3 Nc6 14. Ne5 Rc8 15.
Qd2 Ndxe5 16. dxe5 Be7 17. b4 d4 18. Bxc6 dxc3 19. Qxd8 Rfxd8 20. b5 Bxb5 21.
Bxb5 c2 0-1

[Event "19th Hogeschool Zeeland Tournament"]
[Site "Vlissingen"]
[Date "2015.08.02"]
[Round "2"]
[Board "42"]
[White "Heltzel, Joost"]
[Black "Van Driel, Eric"]
[Result "1-0"]
[WhiteElo "2216"]
[BlackElo "1953"]
[PlyCount "101"]
[EventDate "2015.08.01"]
[EventRounds "9"]
[EventCountry "NED"]

1. d4 e6 2. c4 Nf6 3. Nf3 Bb4+ 4. Nbd2 b6 5. a3 Bxd2+ 6. Qxd2 Bb7 7. g3 O-O 8.
Bg2 d6 9. O-O Nbd7 10. b3 Re8 11. Bb2 Qb8 12. Rac1 Be4 13. Rfd1 Qb7 14. Qe3
Rad8 15. Bh3 e5 16. dxe5 Bxf3 17. Qxf3 Qxf3 18. exf3 Nxe5 19. f4 Ned7 20. Kf1
Re7 21. b4 Rde8 22. Re1 Rxe1+ 23. Rxe1 Rxe1+ 24. Kxe1 Kf8 25. Bg2 Ke7 26. Bc3
g6 27. Ke2 Ke8 28. h3 Ke7 29. Ke3 Ne8 30. g4 Nef6 31. g5 Ng8 32. f5 gxf5 33.
Kf4 Kd8 34. Kxf5 Ne7+ 35. Kg4 Ne5+ 36. Bxe5 dxe5 37. Kh5 Ng6 38. Kh6 Nf4 39.
Bf1 c5 40. bxc5 bxc5 41. f3 Ke7 42. Kxh7 Kf8 43. h4 Ng6 44. h5 Nf4 45. Kh6 Kg8
46. a4 a5 47. g6 f6 48. g7 f5 49. Kg5 Kxg7 50. Kxf5 Nxh5 51. Kxe5 1-0

[Event "19th Hogeschool Zeeland Tournament"]
[Site "Vlissingen"]
[Date "2015.08.02"]
[Round "2"]
[Board "43"]
[White "Bodicker, Rob"]
[Black "Yogesh, Gautam"]
[Result "0-1"]
[WhiteElo "1957"]
[BlackElo "2207"]
[PlyCount "88"]
[EventDate "2015.08.01"]
[EventRounds "9"]
[EventCountry "NED"]

1. d4 d5 2. c4 e6 3. Nf3 f5 4. g3 Nf6 5. Bg2 Be7 6. O-O O-O 7. Nbd2 c6 8. b3 a5
9. a3 Qe8 10. Ne5 Qh5 11. Ndf3 Ne4 12. c5 g5 13. Qc2 Na6 14. Ne1 Nc7 15. N1d3
Nb5 16. Bb2 Rf6 17. Bf3 Qe8 18. a4 Nc7 19. Bg2 Rh6 20. Rae1 Qh5 21. Nf3 Bd7 22.
Bc1 Rf8 23. Nde5 Bc8 24. h3 Bf6 25. g4 Qe8 26. Bd2 fxg4 27. hxg4 Bd8 28. Bxa5
Rhf6 29. Bd2 h6 30. Be3 Na6 31. Rd1 Bc7 32. Nd3 h5 33. Nfe5 hxg4 34. Nxg4 Qh5
35. f3 Ng3 36. Nxf6+ Rxf6 37. Ne5 Rh6 38. Ng4 Nf5 39. Qc1 Bh2+ 40. Nxh2 Qxh2+
41. Kf2 Qg3+ 42. Kg1 Rh2 43. Rf2 Nh4 44. Kf1 Nxg2 0-1

[Event "19th Hogeschool Zeeland Tournament"]
[Site "Vlissingen"]
[Date "2015.08.02"]
[Round "2"]
[Board "44"]
[White "Gijsen, Stief"]
[Black "Boerkamp, Harry"]
[Result "1/2-1/2"]
[WhiteElo "2203"]
[BlackElo "1949"]
[PlyCount "89"]
[EventDate "2015.08.01"]
[EventRounds "9"]
[EventCountry "NED"]

1. d4 Nf6 2. c4 c5 3. d5 b5 4. cxb5 a6 5. bxa6 Bxa6 6. Nc3 d6 7. e4 Bxf1 8.
Kxf1 g6 9. g3 Bg7 10. Kg2 O-O 11. Nf3 Nbd7 12. a4 Qb6 13. Re1 Rfb8 14. Nb5 Ne8
15. Nd2 Nc7 16. Nc4 Qb7 17. Nxc7 Qxc7 18. Qc2 Ne5 19. Re2 Nxc4 20. Qxc4 Rb4 21.
Qc2 Qa7 22. f4 Bd4 23. Ra3 Rxa4 24. Rxa4 Qxa4 25. Qxa4 Rxa4 26. Kf3 Rb4 27. h4
h5 28. e5 Rb3+ 29. Kg2 Kf8 30. exd6 exd6 31. f5 Be5 32. Be3 Rxb2 33. Rxb2 Bxb2
34. fxg6 fxg6 35. g4 Kf7 36. gxh5 gxh5 37. Kf3 Be5 38. Bf2 c4 39. Ke4 Kg6 40.
Be3 Bf6 41. Bf4 Bxh4 42. Bxd6 Bf6 43. Bb4 c3 44. Bxc3 Bxc3 45. Kf3 1/2-1/2

[Event "19th Hogeschool Zeeland Tournament"]
[Site "Vlissingen"]
[Date "2015.08.02"]
[Round "2"]
[Board "45"]
[White "Reichardt, Jasper"]
[Black "Verduyn, Frederic"]
[Result "0-1"]
[WhiteElo "1951"]
[BlackElo "2199"]
[PlyCount "66"]
[EventDate "2015.08.01"]
[EventRounds "9"]
[EventCountry "NED"]

1. c4 d6 2. Nc3 e5 3. g3 f5 4. Bg2 c6 5. d3 Nf6 6. e4 Be7 7. Nge2 O-O 8. O-O a5
9. a3 Na6 10. b4 fxe4 11. Nxe4 Nxe4 12. dxe4 Be6 13. b5 Nc5 14. bxc6 bxc6 15.
Qc2 a4 16. Be3 Nb3 17. Rab1 Qa5 18. Nc1 Nd4 19. Bxd4 exd4 20. Nd3 Qc3 21. Rfc1
Bf6 22. f4 Bxc4 23. Qxc3 dxc3 24. Nb4 Bd4+ 25. Kh1 c5 26. Nc6 Bb3 27. e5 dxe5
28. Nxe5 Rad8 29. Bf1 Bxe5 30. fxe5 c2 31. Rxb3 Rxf1+ 32. Rxf1 axb3 33. e6 Re8
 0-1

[Event "19th Hogeschool Zeeland Tournament"]
[Site "Vlissingen"]
[Date "2015.08.02"]
[Round "2"]
[Board "46"]
[White "Goormachtigh, Johan"]
[Black "Oud, Niek"]
[Result "1-0"]
[WhiteElo "2191"]
[BlackElo "1936"]
[PlyCount "101"]
[EventDate "2015.08.01"]
[EventRounds "9"]
[EventCountry "NED"]

1. d4 d5 2. c4 c6 3. Nc3 Nf6 4. Nf3 e6 5. Bg5 Be7 6. e3 Nbd7 7. Qc2 O-O 8. cxd5
exd5 9. Bd3 Re8 10. h3 Nf8 11. Bf4 Bd7 12. O-O Rc8 13. Ne5 Ne6 14. Bg3 a6 15.
Na4 c5 16. Nxd7 Nxd7 17. Bxh7+ Kh8 18. Bf5 cxd4 19. Qd1 Ndf8 20. exd4 Rc4 21.
Nc3 Rxd4 22. Qf3 Bf6 23. Rad1 Rxd1 24. Rxd1 d4 25. Qxb7 Qa5 26. Qd5 Qb6 27. Na4
Qb4 28. Qb3 Qxb3 29. axb3 g6 30. Bd3 Ra8 31. Nb6 Ra7 32. b4 Be7 33. Nd5 Bd8 34.
Bb8 Ra8 35. Be5+ Kh7 36. Ra1 Nd7 37. Bd6 a5 38. bxa5 Rxa5 39. Rxa5 Bxa5 40. b4
Bd8 41. Bb5 Nb6 42. Nxb6 Bxb6 43. Bc4 Kg7 44. Bxe6 fxe6 45. Be5+ Kf7 46. Kf1 d3
47. f4 Ke7 48. g4 Kd7 49. h4 Kc6 50. h5 gxh5 51. gxh5 1-0

[Event "19th Hogeschool Zeeland Tournament"]
[Site "Vlissingen"]
[Date "2015.08.02"]
[Round "2"]
[Board "47"]
[White "Dardha, Daniel"]
[Black "Voege, Tobias"]
[Result "1/2-1/2"]
[WhiteElo "1941"]
[BlackElo "2191"]
[PlyCount "88"]
[EventDate "2015.08.01"]
[EventRounds "9"]
[EventCountry "NED"]

1. e4 c5 2. Nf3 Nc6 3. d4 cxd4 4. Nxd4 g6 5. Nc3 Bg7 6. Be3 Nf6 7. Bc4 O-O 8.
Bb3 d6 9. h3 Nxd4 10. Bxd4 b5 11. O-O Bb7 12. Nd5 Bxd5 13. Bxd5 Nxd5 14. exd5
Bxd4 15. Qxd4 Qd7 16. Rfe1 Rfc8 17. Re2 Rc4 18. Qd3 Qb7 19. Rae1 Re8 20. b3 Rc5
21. c4 Qd7 22. Qd4 bxc4 23. bxc4 Rc7 24. Re4 e5 25. dxe6 fxe6 26. Rd1 Rc6 27.
h4 Rf8 28. h5 Qf7 29. hxg6 hxg6 30. f3 e5 31. Qd3 Re8 32. Kf2 Kg7 33. Rh4 Rh8
34. Rxh8 Kxh8 35. Rh1+ Kg7 36. Qe3 Rxc4 37. Qh6+ Kf6 38. Qh8+ Qg7 39. Qd8+ Qe7
40. Qh8+ Qg7 41. Qd8+ Ke6 42. Qe8+ Kd5 43. Rd1+ Rd4 44. Qa8+ Ke6 1/2-1/2

[Event "19th Hogeschool Zeeland Tournament"]
[Site "Vlissingen"]
[Date "2015.08.02"]
[Round "2"]
[Board "48"]
[White "Grochal, Joey"]
[Black "Hotwani, Rahul"]
[Result "1-0"]
[WhiteElo "2187"]
[BlackElo "1681"]
[PlyCount "47"]
[EventDate "2015.08.01"]
[EventRounds "9"]
[EventCountry "NED"]

1. d4 d5 2. c4 c6 3. Nc3 Nf6 4. e3 e6 5. Nf3 Nbd7 6. Bd3 dxc4 7. Bxc4 b5 8. Bd3
Bb7 9. O-O Be7 10. e4 Nf8 11. Qe2 a6 12. e5 N6d7 13. Ne4 c5 14. dxc5 Nxc5 15.
Nxc5 Bxc5 16. Rd1 Nd7 17. Ng5 g6 18. Be4 Qb6 19. Nxf7 O-O 20. Rxd7 Bxe4 21.
Qxe4 Bxf2+ 22. Kh1 Rac8 23. Nh6+ Kh8 24. Bg5 1-0

[Event "19th Hogeschool Zeeland Tournament"]
[Site "Vlissingen"]
[Date "2015.08.02"]
[Round "2"]
[Board "49"]
[White "Van De Poel, Taco"]
[Black "Timmermans, Ivo"]
[Result "0-1"]
[WhiteElo "1935"]
[BlackElo "2183"]
[PlyCount "96"]
[EventDate "2015.08.01"]
[EventRounds "9"]
[EventCountry "NED"]

1. e4 e5 2. f4 exf4 3. Nc3 d5 4. Nxd5 Qh4+ 5. Ke2 Bd6 6. Nf3 Bg4 7. d4 Nc6 8.
e5 O-O-O 9. Bxf4 Nge7 10. Bg3 Bxf3+ 11. gxf3 Qxd4 12. exd6 Nxd5 13. Bh3+ Kb8
14. Qxd4 Nxd4+ 15. Kd3 Nc6 16. c4 Nf6 17. c5 Nh5 18. Kc3 Nxg3 19. hxg3 cxd6 20.
cxd6 Rxd6 21. Rad1 Rhd8 22. Rxd6 Rxd6 23. Re1 Kc7 24. f4 Kd8 25. a3 Ne7 26. b4
Nd5+ 27. Kc4 Nb6+ 28. Kc3 Rg6 29. Rd1+ Kc7 30. Rd3 Rd6 31. Bg2 Nc8 32. Bd5 f6
33. Bg8 Rxd3+ 34. Kxd3 h6 35. Be6 Ne7 36. Kd4 Kd6 37. Bh3 b6 38. b5 g6 39. Kc4
Nd5 40. Kd4 Nc7 41. Kc4 Ne6 42. f5 gxf5 43. Bxf5 Ke5 44. Bb1 f5 45. Kd3 Nc7 46.
Kc4 Ne8 47. Kd3 Nd6 48. a4 Ne4 0-1

[Event "19th Hogeschool Zeeland Tournament"]
[Site "Vlissingen"]
[Date "2015.08.02"]
[Round "2"]
[Board "50"]
[White "Nicolai, Erik"]
[Black "Turp, Hueseyim"]
[Result "1-0"]
[WhiteElo "2168"]
[BlackElo "1665"]
[PlyCount "53"]
[EventDate "2015.08.01"]
[EventRounds "9"]
[EventCountry "NED"]

1. Nf3 Nf6 2. c4 c5 3. g3 b6 4. Bg2 Bb7 5. O-O g6 6. Nc3 Bg7 7. d4 cxd4 8. Qxd4
Nc6 9. Qh4 Nh5 10. Rd1 O-O 11. g4 Nf6 12. Nd5 e6 13. Nxf6+ Bxf6 14. Bg5 Kg7 15.
Qh6+ Kh8 16. Rxd7 Bg7 17. Rxd8 Bxh6 18. Rxa8 Bxa8 19. Bxh6 Rd8 20. Bg5 Rd7 21.
Rc1 Kg7 22. Bf4 f6 23. g5 Na5 24. gxf6+ Kxf6 25. Ne5 Rd4 26. Be3 Rd8 27. Bg5+
 1-0

[Event "19th Hogeschool Zeeland Tournament"]
[Site "Vlissingen"]
[Date "2015.08.02"]
[Round "3"]
[Board "13"]
[White "Prasanna, Raghuram Rao"]
[Black "Hovenga, Alje"]
[Result "0-1"]
[WhiteElo "2424"]
[BlackElo "2232"]
[PlyCount "77"]
[EventDate "2015.08.01"]
[EventRounds "9"]
[EventCountry "NED"]

1. d4 Nf6 2. c4 e6 3. g3 Bb4+ 4. Bd2 a5 5. Bg2 d6 6. Nf3 Nbd7 7. O-O e5 8. Bg5
exd4 9. Nxd4 h6 10. Bf4 O-O 11. Qc2 Re8 12. Nc3 Bxc3 13. Qxc3 Nc5 14. Rad1 Bd7
15. Rfe1 Nfe4 16. Qc2 Qf6 17. f3 Ng5 18. Bc1 Nge6 19. Nxe6 Nxe6 20. b3 Bc6 21.
Bb2 Qg5 22. e4 Qc5+ 23. Kh1 a4 24. Qc3 axb3 25. axb3 Ra2 26. Rd2 b5 27. Bh3 b4
28. Qd3 Ng5 29. Bg2 f5 30. Bd4 Qa5 31. Rxa2 Qxa2 32. e5 dxe5 33. Rxe5 Rxe5 34.
Bxe5 Qa8 35. Qxf5 Bxf3 36. Bxf3 Nxf3 37. Qe6+ Kh7 38. Qf5+ Kh8 39. Bxg7+ 0-1